| 000 | 00693 a2200193 4500 | ||
|---|---|---|---|
| 999 |
_c10431 _d10431 |
||
| 020 | _a9780128008775 | ||
| 050 | _aRB147.5 MIT 2016 | ||
| 100 |
_aSaneto, Russell P. _eeditor |
||
| 245 |
_aMitochondrial case studies : _b underlying mechanisms and diagnosis / _cRussell P Saneto; Sumit Parikh; Bruce H Cohen |
||
| 264 |
_aAmsterdam : _bElsevier, _c ♭2016 |
||
| 300 |
_axxii., 315 pages _b1 online resource : illustrations |
||
| 500 | _aincludes index | ||
| 650 |
_aMitochondrial pathology _xCase studies. |
||
| 650 |
_aMitochondrial pathology _xDiagnosis |
||
| 650 | _a Mitochondrial Diseases | ||
| 700 | _aCohen, Bruce H. | ||
| 700 | _aParikh, Sumit | ||
| 942 |
_2lcc _cBK _h147.5 _iMIT _kRB |
||